Psychoanalytic psychology; (Record no. 5695)

MARC details
000 -LEADER
fixed length control field 00867pam a2200181 4500
020 ## - INTERNATIONAL STANDARD BOOK NUMBER
ISBN 0393011011
-- 0393093565 (pbk)
050 00 - CALL NUMBER
Classification number RC504
Item number .F32
100 1# - AUTHOR
Personal name Fancher, Raymond E.
245 10 - TITLE
Title Psychoanalytic psychology;
Remainder of title the development of Freud's thought
Statement of responsibility, etc [by] Raymond E. Fancher.
250 ## - EDITION
Edition statement [1st ed.]
260 ## - PUBLICATION INFORMATION
Place of publication New York,
Name of publisher Norton
Year of publication [1973]
300 ## - DESCRIPTION
Number of Pages xi, 241 p.
Other physical details illus.
Dimensions 21 cm.
500 ## - NOTES
General note Includes index
505 ## - FORMATTED CONTENTS NOTE
Table of Content 1. Introduction: The background of Freud's thought --<br/>2. The early data: Hysteria and hypnosis --<br/>3. First model of the mind: "Project for a scientific psychology" --<br/>4. Dreams --<br/>5. Sexuality --<br/>6. Psychoanalytic psychotherapy and the theory of instincts --<br/>7. Freud's final model of the mind and the implications of psychoanalysis --<br/>Index.
650 #0 - SUBJECTS
Topical Term Psychoanalysis.
650 #2 - SUBJECTS
Topical Term Psychoanalytic theory.
942 ## - ADDED ENTRY ELEMENTS (KOHA)
Koha item type Books
Holdings
Withdrawn status Lost status Collection code Home library Current library Shelving location Date acquired Full call number Accession Number Koha item type
    Reference Methodist University Library Main Methodist University Library Main General Stacks 10/10/2007 RC504 .F32 29075 Books
Copyright © 2026  MUG Library